Países con más terremotos - Estadísticas

Estadísticas generales
  • Esta prueba ha sido intentada 26 veces
  • La puntuación promedio es 7 de 10
Estadísticas de respuestas
Puesto Cantidad de terremotos País % Correcto
104 Japón
96%
187 China
92%
79 Estados Unidos
92%
173 Indonesia
80%
59 India
72%
55 Filipinas
60%
51 Perú
60%
112 Irán
48%
65 Turquía
48%
10º 39 Afganistán
32%
No se encontraron pruebas coincidentes
Distribución de puntuación
Porcentaje de gente con cada puntuación
Porcentaje por número respondido
Historial de tus puntuaciones
No has intentado esta prueba.